<?xml version="1.0" encoding="UTF-8"?>
<record
    xmlns:xsi="http://www.w3.org/2001/XMLSchema-instance"
    xsi:schemaLocation="http://www.loc.gov/MARC21/slim http://www.loc.gov/standards/marcxml/schema/MARC21slim.xsd"
    xmlns="http://www.loc.gov/MARC21/slim">

  <leader>00367nam a22001097a 4500</leader>
  <datafield tag="040" ind1=" " ind2=" ">
    <subfield code="c">SK</subfield>
  </datafield>
  <datafield tag="082" ind1=" " ind2=" ">
    <subfield code="a">895</subfield>
  </datafield>
  <datafield tag="100" ind1=" " ind2=" ">
    <subfield code="a">&#x1793;&#x17BB;&#x178F; &#x178E;&#x17B6;&#x179A;&#x17C9;&#x17B6;&#x1784;</subfield>
  </datafield>
  <datafield tag="245" ind1=" " ind2=" ">
    <subfield code="a">&#x1791;&#x17B7;&#x178A;&#x17D2;&#x178B;&#x1797;&#x17B6;&#x1796;&#x1791;&#x17BC;&#x1791;&#x17C5;&#x1793;&#x17C3;&#x17A2;&#x1780;&#x17D2;&#x179F;&#x179A;&#x179F;&#x17B6;&#x179F;&#x17D2;&#x179A;&#x17D2;&#x178F;&#x1781;&#x17D2;&#x1798;&#x17C2;&#x179A;</subfield>
  </datafield>
  <datafield tag="260" ind1=" " ind2=" ">
    <subfield code="a"> &#x179A;&#x17C4;&#x1784;&#x1796;&#x17BB;&#x1798;&#x17D2;&#x1797;&#x1781;&#x17D2;&#x1798;&#x17C2;&#x179A;(AIK)</subfield>
    <subfield code="b">&#x1793;&#x17BB;&#x178F;&#x200B; &#x178E;&#x17B6;&#x179A;&#x17C9;&#x17B6;&#x1784;</subfield>
    <subfield code="c">2003</subfield>
  </datafield>
  <datafield tag="942" ind1=" " ind2=" ">
    <subfield code="c">KB</subfield>
  </datafield>
  <datafield tag="999" ind1=" " ind2=" ">
    <subfield code="c">8412</subfield>
    <subfield code="d">8412</subfield>
  </datafield>
  <datafield tag="952" ind1=" " ind2=" ">
    <subfield code="0">0</subfield>
    <subfield code="1">0</subfield>
    <subfield code="4">0</subfield>
    <subfield code="6">895_000000000000000_&#x1793;&#x17BB;&#x178F;_2003_C306</subfield>
    <subfield code="7">0</subfield>
    <subfield code="9">48183</subfield>
    <subfield code="a">LBC</subfield>
    <subfield code="b">LBC</subfield>
    <subfield code="c">C306</subfield>
    <subfield code="d">2016-07-27</subfield>
    <subfield code="o">895 &#x1793;&#x17BB;&#x178F; 2003 C306</subfield>
    <subfield code="p">RUA036352</subfield>
    <subfield code="r">2016-07-27</subfield>
    <subfield code="y">KB</subfield>
  </datafield>
  <datafield tag="952" ind1=" " ind2=" ">
    <subfield code="0">0</subfield>
    <subfield code="1">0</subfield>
    <subfield code="4">0</subfield>
    <subfield code="6">895_000000000000000_&#x1793;&#x17BB;&#x178F;_2003_C306</subfield>
    <subfield code="7">0</subfield>
    <subfield code="9">48184</subfield>
    <subfield code="a">LBC</subfield>
    <subfield code="b">LBC</subfield>
    <subfield code="c">C306</subfield>
    <subfield code="d">2016-07-27</subfield>
    <subfield code="o">895 &#x1793;&#x17BB;&#x178F; 2003 C306</subfield>
    <subfield code="p">RUA034286</subfield>
    <subfield code="r">2016-07-27</subfield>
    <subfield code="y">KB</subfield>
  </datafield>
  <datafield tag="952" ind1=" " ind2=" ">
    <subfield code="0">0</subfield>
    <subfield code="1">0</subfield>
    <subfield code="4">0</subfield>
    <subfield code="6">895_000000000000000_&#x1793;&#x17BB;&#x178F;_2003_C306</subfield>
    <subfield code="7">0</subfield>
    <subfield code="9">48185</subfield>
    <subfield code="a">LBC</subfield>
    <subfield code="b">LBC</subfield>
    <subfield code="c">C306</subfield>
    <subfield code="d">2016-07-27</subfield>
    <subfield code="o">895  &#x1793;&#x17BB;&#x178F; 2003 C306</subfield>
    <subfield code="p">RUA035961</subfield>
    <subfield code="r">2016-07-27</subfield>
    <subfield code="y">KB</subfield>
  </datafield>
  <datafield tag="952" ind1=" " ind2=" ">
    <subfield code="0">0</subfield>
    <subfield code="1">0</subfield>
    <subfield code="4">0</subfield>
    <subfield code="6">895_000000000000000_&#x1793;&#x17BB;&#x178F;_2003_C306</subfield>
    <subfield code="7">0</subfield>
    <subfield code="9">48186</subfield>
    <subfield code="a">LBC</subfield>
    <subfield code="b">LBC</subfield>
    <subfield code="c">C306</subfield>
    <subfield code="d">2016-07-27</subfield>
    <subfield code="o">895  &#x1793;&#x17BB;&#x178F; 2003 C306</subfield>
    <subfield code="p">RUA035791</subfield>
    <subfield code="r">2016-07-27</subfield>
    <subfield code="y">KB</subfield>
  </datafield>
  <datafield tag="952" ind1=" " ind2=" ">
    <subfield code="0">0</subfield>
    <subfield code="1">0</subfield>
    <subfield code="4">0</subfield>
    <subfield code="6">895_000000000000000_&#x1793;&#x17BB;&#x178F;_2003_C306</subfield>
    <subfield code="7">0</subfield>
    <subfield code="9">48187</subfield>
    <subfield code="a">LBC</subfield>
    <subfield code="b">LBC</subfield>
    <subfield code="c">C306</subfield>
    <subfield code="d">2016-07-27</subfield>
    <subfield code="o">895  &#x1793;&#x17BB;&#x178F; 2003 C306</subfield>
    <subfield code="p">RUA036409</subfield>
    <subfield code="r">2016-07-27</subfield>
    <subfield code="y">KB</subfield>
  </datafield>
  <datafield tag="952" ind1=" " ind2=" ">
    <subfield code="0">0</subfield>
    <subfield code="1">0</subfield>
    <subfield code="4">0</subfield>
    <subfield code="6">895_000000000000000_&#x1793;&#x17BB;&#x178F;_2003_C306</subfield>
    <subfield code="7">0</subfield>
    <subfield code="9">48188</subfield>
    <subfield code="a">LBC</subfield>
    <subfield code="b">LBC</subfield>
    <subfield code="c">C306</subfield>
    <subfield code="d">2016-07-27</subfield>
    <subfield code="o">895  &#x1793;&#x17BB;&#x178F; 2003 C306</subfield>
    <subfield code="p">RUA035908</subfield>
    <subfield code="r">2016-07-27</subfield>
    <subfield code="y">KB</subfield>
  </datafield>
  <datafield tag="952" ind1=" " ind2=" ">
    <subfield code="0">0</subfield>
    <subfield code="1">0</subfield>
    <subfield code="4">0</subfield>
    <subfield code="6">895_000000000000000_&#x1793;&#x17BB;&#x178F;_2003_C306</subfield>
    <subfield code="7">0</subfield>
    <subfield code="9">48189</subfield>
    <subfield code="a">LBC</subfield>
    <subfield code="b">LBC</subfield>
    <subfield code="c">C306</subfield>
    <subfield code="d">2016-07-27</subfield>
    <subfield code="o">895  &#x1793;&#x17BB;&#x178F; 2003 C306</subfield>
    <subfield code="p">RUA036530</subfield>
    <subfield code="r">2016-07-27</subfield>
    <subfield code="y">KB</subfield>
  </datafield>
  <datafield tag="952" ind1=" " ind2=" ">
    <subfield code="0">0</subfield>
    <subfield code="1">0</subfield>
    <subfield code="4">0</subfield>
    <subfield code="6">895_000000000000000_&#x1793;&#x17BB;&#x178F;_2003_C306</subfield>
    <subfield code="7">0</subfield>
    <subfield code="9">48190</subfield>
    <subfield code="a">LBC</subfield>
    <subfield code="b">LBC</subfield>
    <subfield code="c">C306</subfield>
    <subfield code="d">2016-07-27</subfield>
    <subfield code="o">895  &#x1793;&#x17BB;&#x178F; 2003 C306</subfield>
    <subfield code="p">RUA036074</subfield>
    <subfield code="r">2016-07-27</subfield>
    <subfield code="y">KB</subfield>
  </datafield>
  <datafield tag="952" ind1=" " ind2=" ">
    <subfield code="0">0</subfield>
    <subfield code="1">0</subfield>
    <subfield code="4">0</subfield>
    <subfield code="6">895_000000000000000_&#x1793;&#x17BB;&#x178F;_2003_C306</subfield>
    <subfield code="7">0</subfield>
    <subfield code="9">48191</subfield>
    <subfield code="a">LBC</subfield>
    <subfield code="b">LBC</subfield>
    <subfield code="c">C306</subfield>
    <subfield code="d">2016-07-27</subfield>
    <subfield code="o">895  &#x1793;&#x17BB;&#x178F; 2003 C306</subfield>
    <subfield code="p">RUA036199</subfield>
    <subfield code="r">2016-07-27</subfield>
    <subfield code="y">KB</subfield>
  </datafield>
  <datafield tag="952" ind1=" " ind2=" ">
    <subfield code="0">0</subfield>
    <subfield code="1">0</subfield>
    <subfield code="4">0</subfield>
    <subfield code="6">895_000000000000000_&#x1793;&#x17BB;&#x178F;_2003_C306</subfield>
    <subfield code="7">0</subfield>
    <subfield code="9">48192</subfield>
    <subfield code="a">LBC</subfield>
    <subfield code="b">LBC</subfield>
    <subfield code="c">C306</subfield>
    <subfield code="d">2016-07-27</subfield>
    <subfield code="o">895  &#x1793;&#x17BB;&#x178F; 2003 C306</subfield>
    <subfield code="p">RUA045146</subfield>
    <subfield code="r">2016-07-27</subfield>
    <subfield code="y">KB</subfield>
  </datafield>
</record>
